Quizás algo hermoso : (Record no. 24768)

MARC details
000 -LEADER
fixed length control field 02401cam a2200553 i 4500
001 - CONTROL NUMBER
control field sjds2146834
003 - CONTROL NUMBER IDENTIFIER
control field sjds
005 - DATE AND TIME OF LATEST TRANSACTION
control field 20200831112220.0
008 - FIXED-LENGTH DATA ELEMENTS--GENERAL INFORMATION
fixed length control field 170623t20182018maua b 000 1 spa
010 ## - LIBRARY OF CONGRESS CONTROL NUMBER
LC control number 2017015671
020 ## - INTERNATIONAL STANDARD BOOK NUMBER
International Standard Book Number 9781328904065
020 ## - INTERNATIONAL STANDARD BOOK NUMBER
International Standard Book Number 1328904067
035 ## - SYSTEM CONTROL NUMBER
System control number (OCoLC)1005831582
Canceled/invalid control number (OCoLC)994634904
-- (OCoLC)1011446926
035 ## - SYSTEM CONTROL NUMBER
System control number (OCoLC)on1005831582
035 ## - SYSTEM CONTROL NUMBER
System control number 2076455
035 ## - SYSTEM CONTROL NUMBER
System control number 2076455
040 ## - CATALOGING SOURCE
Original cataloging agency DLC
Language of cataloging eng
Description conventions rda
Transcribing agency DLC
Modifying agency BTCTA
-- OCLCO
-- CHILD
-- OCLCA
-- LB9
-- JOV
-- UAP
-- JED
-- GK8
-- TXMAL
-- QQ3
-- IXA
-- VP@
-- SAP
-- MPLBT
-- OCLCF
-- IFA
041 1# - LANGUAGE CODE
Language code of text/sound track or separate title spa
Language code of original eng
042 ## - AUTHENTICATION CODE
Authentication code lcac
-- pcc
049 ## - LOCAL HOLDINGS (OCLC)
Holding library IFAA
099 ## - LOCAL FREE-TEXT CALL NUMBER (OCLC)
Filing suffix 2018
999 ## - SYSTEM CONTROL NUMBERS (KOHA)
Koha Dewey Subclass [OBSOLETE] ESPANOL PICTURE BOOKS CAMPOY 2018
100 1# - MAIN ENTRY--PERSONAL NAME
Personal name Campoy, F. Isabel,
Relator term author.
240 10 - UNIFORM TITLE
Uniform title <a href="Maybe something beautiful.">Maybe something beautiful.</a>
Language of a work Spanish
245 10 - TITLE STATEMENT
Title Quizás algo hermoso :
Remainder of title cómo el arte transformó un barrio /
Statement of responsibility, etc. por F. Isabel Campoy y Theresa Howell ; illustrado por Rafael López.
260 ## - PUBLICATION, DISTRIBUTION, ETC. (IMPRINT)
Place of publication, distribution, etc. New York :
Name of publisher, distributor, etc. Houghton Mifflin Harcourt,
Date of publication, distribution, etc. c2018
264 #1 - PRODUCTION, PUBLICATION, DISTRIBUTION, MANUFACTURE, AND COPYRIGHT NOTICE
Place of production, publication, distribution, manufacture Boston ;
-- New York :
Name of producer, publisher, distributor, manufacturer Houghton Mifflin Harcourt,
Date of production, publication, distribution, manufacture, or copyright notice [2018]
264 #4 - PRODUCTION, PUBLICATION, DISTRIBUTION, MANUFACTURE, AND COPYRIGHT NOTICE
Date of production, publication, distribution, manufacture, or copyright notice c2018
300 ## - PHYSICAL DESCRIPTION
Extent 1 volume (unpaged) :
Other physical details color illustrations ;
Dimensions 26 cm
336 ## - CONTENT TYPE
Content type term text
Content type code txt
Source rdacontent
336 ## - CONTENT TYPE
Content type term still image
Content type code sti
Source rdacontent
337 ## - MEDIA TYPE
Media type term unmediated
Media type code n
Source rdamedia
338 ## - CARRIER TYPE
Carrier type term volume
Carrier type code nc
Source rdacarrier
520 ## - SUMMARY, ETC.
Summary, etc. Viendo lo que Mira y sus vecinos descubren, Más de lo que nunca pudo imaginarse! Basado en una historia real, "Quizás algo hermoso" nos revela cómo el arte puede inspirar la transformación -- y cómo incluso la más pequeña artista puede llegar a conseguir algo grande. Toma un pincel y únete a la celebración!--Front flap of dust jacket.
526 0# - STUDY PROGRAM INFORMATION NOTE
Program name Accelerated Reader AR
Interest level LG
Reading level 2.4
Title point value 0.5
Public note 181493.
546 ## - LANGUAGE NOTE
Language note In Spanish. En Español.
650 #0 - SUBJECT ADDED ENTRY--TOPICAL TERM
Topical term or geographic name as entry element Neighborhoods
Form subdivision Juvenile fiction.
650 #0 - SUBJECT ADDED ENTRY--TOPICAL TERM
Topical term or geographic name as entry element City and town life
Form subdivision Juvenile fiction.
650 #0 - SUBJECT ADDED ENTRY--TOPICAL TERM
Topical term or geographic name as entry element Mural painting and decoration
Form subdivision Juvenile fiction.
650 #0 - SUBJECT ADDED ENTRY--TOPICAL TERM
Topical term or geographic name as entry element Hispanic Americans
Form subdivision Juvenile fiction.
650 #7 - SUBJECT ADDED ENTRY--TOPICAL TERM
Topical term or geographic name as entry element Vecindad
Form subdivision Novela juvenil.
Source of heading or term bidex
650 #7 - SUBJECT ADDED ENTRY--TOPICAL TERM
Topical term or geographic name as entry element Barrios
Form subdivision Novela juvenil.
Source of heading or term bidex
650 #7 - SUBJECT ADDED ENTRY--TOPICAL TERM
Topical term or geographic name as entry element Vida urbana
Form subdivision Novela juvenil.
Source of heading or term bidex
650 #7 - SUBJECT ADDED ENTRY--TOPICAL TERM
Topical term or geographic name as entry element Pintura mural
Form subdivision Novela juvenil.
Source of heading or term bidex
650 #7 - SUBJECT ADDED ENTRY--TOPICAL TERM
Topical term or geographic name as entry element Hispanoestadounidenses
Form subdivision Novela juvenil.
Source of heading or term bidex
700 1# - ADDED ENTRY--PERSONAL NAME
Personal name Howell, Theresa,
Dates associated with a name 1974-
Relator term author.
700 1# - ADDED ENTRY--PERSONAL NAME
Personal name López, Rafael,
Dates associated with a name 1961-
Relator term illustrator.
942 ## - ADDED ENTRY ELEMENTS (KOHA)
Koha item type Libro/Book
Holdings
Withdrawn status Lost status Damaged status Not for loan Home library Current library Date acquired Total Checkouts Full call number Barcode Checked out Date last seen Date checked out Price effective from Koha item type Inventory number
        San Juan Del Sur -- Mobile San Juan Del Sur -- Biblioteca 31/08/2020 1 JI 33015821 22/03/2022 15/02/2022 15/02/2022 31/08/2020 Libro/Book Checked out from 2022- Feb 2025
        San Juan Del Sur -- Mobile Sapoa 31/08/2020 2 JI 33015822 30/05/2022 25/04/2022 25/04/2022 31/08/2020 Libro/Book  

Powered by Koha